<?xml version="1.0" encoding="UTF-8"?>
<record
    xmlns:xsi="http://www.w3.org/2001/XMLSchema-instance"
    xsi:schemaLocation="http://www.loc.gov/MARC21/slim http://www.loc.gov/standards/marcxml/schema/MARC21slim.xsd"
    xmlns="http://www.loc.gov/MARC21/slim">

  <leader>00506nam a22001697a 4500</leader>
  <datafield tag="999" ind1=" " ind2=" ">
    <subfield code="c">60588</subfield>
    <subfield code="d">60588</subfield>
  </datafield>
  <controlfield tag="005">20230913120708.0</controlfield>
  <controlfield tag="008">230913s1985    enk||||| |||| 00| 0 eng d</controlfield>
  <datafield tag="020" ind1=" " ind2=" ">
    <subfield code="a">0714112755</subfield>
  </datafield>
  <datafield tag="041" ind1=" " ind2=" ">
    <subfield code="a">eng</subfield>
  </datafield>
  <datafield tag="080" ind1=" " ind2=" ">
    <subfield code="a">94(37) W-19</subfield>
  </datafield>
  <datafield tag="100" ind1=" " ind2=" ">
    <subfield code="a"> Walker, Susan</subfield>
    <subfield code="9">19811</subfield>
  </datafield>
  <datafield tag="245" ind1=" " ind2=" ">
    <subfield code="a">Memorials to the Roman dead /</subfield>
    <subfield code="c"> Susan Walker.</subfield>
  </datafield>
  <datafield tag="264" ind1=" " ind2=" ">
    <subfield code="a">London, </subfield>
    <subfield code="c">1985.</subfield>
  </datafield>
  <datafield tag="300" ind1=" " ind2=" ">
    <subfield code="a">64 p.:</subfield>
    <subfield code="b">ill.;</subfield>
    <subfield code="c">25 cm.</subfield>
  </datafield>
  <datafield tag="653" ind1=" " ind2=" ">
    <subfield code="a">&#x10E0;&#x10DD;&#x10DB;&#x10D0;&#x10D4;&#x10DA;&#x10D8; &#x10D3;&#x10D0;&#x10E6;&#x10E3;&#x10DE;&#x10E3;&#x10DA;&#x10D4;&#x10D1;&#x10D8;&#x10E1; &#x10DB;&#x10D4;&#x10DB;&#x10DD;&#x10E0;&#x10D8;&#x10D0;&#x10DA;&#x10D8;</subfield>
  </datafield>
  <datafield tag="942" ind1=" " ind2=" ">
    <subfield code="2">udc</subfield>
    <subfield code="c">BK</subfield>
  </datafield>
  <datafield tag="952" ind1=" " ind2=" ">
    <subfield code="0">0</subfield>
    <subfield code="1">0</subfield>
    <subfield code="2">udc</subfield>
    <subfield code="4">0</subfield>
    <subfield code="6">9437_W19</subfield>
    <subfield code="7">0</subfield>
    <subfield code="9">95794</subfield>
    <subfield code="a">CPL</subfield>
    <subfield code="b">CPL</subfield>
    <subfield code="c">GEN</subfield>
    <subfield code="d">2023-09-13</subfield>
    <subfield code="g">5.00</subfield>
    <subfield code="o">94(37) W-19</subfield>
    <subfield code="p">65188</subfield>
    <subfield code="r">2023-09-13</subfield>
    <subfield code="t">65188</subfield>
    <subfield code="u">&#x10D1;&#x10E1;&#x10E3;-&#x10E1; &#x10E1;&#x10D0;&#x10DE;&#x10D0;&#x10E2;&#x10D8;&#x10DD; &#x10D3;&#x10DD;&#x10E5;&#x10E2;&#x10DD;&#x10E0;&#x10D8;&#x10E1; &#x10D2;&#x10E3;&#x10E0;&#x10D0;&#x10DB; &#x10DA;&#x10DD;&#x10E0;&#x10D7;&#x10E5;&#x10D8;&#x10E4;&#x10D0;&#x10DC;&#x10D8;&#x10EB;&#x10D8;&#x10E1; &#x10E1;&#x10D0;&#x10E9;&#x10E3;&#x10E5;&#x10D0;&#x10E0;&#x10D8;</subfield>
    <subfield code="w">2023-09-13</subfield>
    <subfield code="y">BK</subfield>
    <subfield code="z">5 &#x10DA;.</subfield>
  </datafield>
</record>
